|
|
|
|
| LEADER |
03443nam a22003973i 4500 |
| 001 |
EBC6955729 |
| 003 |
MiAaPQ |
| 005 |
20231204023222.0 |
| 006 |
m o d | |
| 007 |
cr cnu|||||||| |
| 008 |
231204s2015 xx o ||||0 ger d |
| 020 |
|
|
|a 9783839407158
|q (electronic bk.)
|
| 020 |
|
|
|z 9783899427158
|
| 035 |
|
|
|a (MiAaPQ)EBC6955729
|
| 035 |
|
|
|a (Au-PeEL)EBL6955729
|
| 035 |
|
|
|a (OCoLC)1049913786
|
| 040 |
|
|
|a MiAaPQ
|b eng
|e rda
|e pn
|c MiAaPQ
|d MiAaPQ
|
| 100 |
1 |
|
|a Poya, Abbas.
|
| 245 |
1 |
4 |
|a Das Unbehagen in der Islamwissenschaft :
|b Ein klassisches Fach im Scheinwerferlicht der Politik und der Medien.
|
| 250 |
|
|
|a 1st ed.
|
| 264 |
|
1 |
|a Bielefeld :
|b transcript,
|c 2015.
|
| 264 |
|
4 |
|c ©2015.
|
| 300 |
|
|
|a 1 online resource (337 pages)
|
| 336 |
|
|
|a text
|b txt
|2 rdacontent
|
| 337 |
|
|
|a computer
|b c
|2 rdamedia
|
| 338 |
|
|
|a online resource
|b cr
|2 rdacarrier
|
| 490 |
1 |
|
|a Globaler lokaler Islam
|
| 505 |
0 |
|
|a Cover Das Unbehagen in der Islamwissenschaft -- Inhalt -- Einführung: Was soll Islamwissenschaft bedeuten? -- TEIL I. SELBSTVER(UN)SICHERUNGEN -- Islamwissenschaft und relevante Redundanz -- Islamwissenschaft: Globalisierung einer philologischen Disziplin -- Historismus versus Orientalismus? Oder: Zur Geschichte einer Wahlverwandtschaft -- Islamwissenschaft aus der Sicht eines außer-universitären Forschungsinstituts: Orient als Islam? -- TEIL II. AN DEN ANGEBLICHEN RÄNDERN -- ,Die Mauer muss weg!', oder: Alles für sich ist singulär. Gedanken zur islamwissenschaftlichen Beschäftigung mit Südasien in Deutschland -- Iranistik zwischen brennender Aktualität und exotischer Abseitigkeit - Gedanken zur Positionierung eines ,kleinen' orientalistischen Faches -- Afrika in der deutschen Islamwissenschaft -- Islamische Kunstgeschichte und Archäologie: Letztes Fach der Orientalistik? -- Gender Studies - eine Herausforderung zur Standortbestimmung der Islamwissenschaft -- TEIL III. MEDIALE UND POLITISCHE AMBIVALENZEN -- Auf dem Marktplatz der Islamgespenster. Die Islamwissenschaft in Zeiten des Erklärungsnotstandes -- Die Islamwissenschaft und der 11. September -- Von der „Islampolitik" zum „Dialog mit der islamischen Welt" - Anmerkungen zum Verhältnis zwischen Orientalistik und deutscher (Außen-)politik -- Die Täter zu Opfern, die Opfer zu Tätern machen - Räume und Grenzen islamwissenschaftlicher Politikdeutung -- TEIL IV. REORIENTIERUNGEN -- Ist das Tor des ‚Igtihad' in der Islamwissenschaft geschlossen? -- Unterscheiden und Verstehen: Über Nutzen und Missbrauch der Islamwissenschaft -- Islamwissenschaften: Ein Fächer von Fächern im Wettbewerb um Mittel und Macht -- Gaze - Jenseits vom Orient und von Zivilisierungsmissionen -- Zur Zukunft der Islamwissenschaft -- Bibliographie -- Autorinnen und Autoren.
|
| 588 |
|
|
|a Description based on publisher supplied metadata and other sources.
|
| 590 |
|
|
|a Electronic reproduction. Ann Arbor, Michigan : ProQuest Ebook Central, 2023. Available via World Wide Web. Access may be limited to ProQuest Ebook Central affiliated libraries.
|
| 655 |
|
4 |
|a Electronic books.
|
| 700 |
1 |
|
|a Reinkowski, Maurus.
|
| 776 |
0 |
8 |
|i Print version:
|a Poya, Abbas
|t Das Unbehagen in der Islamwissenschaft
|d Bielefeld : transcript,c2015
|z 9783899427158
|
| 797 |
2 |
|
|a ProQuest (Firm)
|
| 830 |
|
0 |
|a Globaler lokaler Islam
|
| 856 |
4 |
0 |
|u https://ebookcentral.proquest.com/lib/matrademy/detail.action?docID=6955729
|z Click to View
|